[Event "RSA-ch"]
[Site "Cape Town"]
[Date "1995.??.??"]
[Round "8"]
[White "Levitt, Mark"]
[Black "Solomons, Deon"]
[Result "1-0"]
[WhiteElo "2290"]
[BlackElo "2295"]

1.d4 Nf6 2.Bg5 d5 3.Bxf6 exf6 4.e3 Bd6 5.c4 dxc4 6.Bxc4 O-O 7.Nc3 Re8 8.Qb3 Qe7
9.Nge2 c6 10.a4 a5 11.O-O f5 12.g3 Na6 13.Rfe1 Nb4 14.d5 Bd7 15.dxc6 bxc6
16.Rad1 Rf8 17.Rd2 Be5 18.Red1 Bc8 19.Nd4 Rb8 20.Na2 Qf6 21.Nxb4 Rxb4 22.Qc2 c5
23.Nb3 Bxb2 24.Nxc5 Qc3 25.Bb5 Be6 26.Nxe6 fxe6 27.Qxc3 Bxc3 28.Rd6 e5 29.Rc6 Bb2
30.Rd7 h6 31.Bc4+ Kh7 32.e4 fxe4 33.Rcc7 Kg6 34.Rxg7+ Kf6 35.Rh7 Bc1 36.Rc6+ Kf5
37.Bf7 Bg5 38.h4 Bf6 39.g4+ Kxg4 40.Rxf6 Kxh4 41.Rhxh6+  1-0

[Event "Cappelle op"]
[Site "Cappelle la Grande"]
[Date "1995.??.??"]
[Round "1"]
[White "Miles, Anthony J"]
[Black "Janocha, Wieslaw"]
[Result "1-0"]
[WhiteElo "2615"]
[BlackElo "2395"]

1.d4 d5 2.Bg5 Nf6 3.Bxf6 gxf6 4.e3 c6 5.Nd2 Bf5 6.Ngf3 e6 7.c4 Qb6 8.Qc1 Nd7
9.Be2 Be7 10.O-O O-O 11.a3 a5 12.Qc3 Bg6 13.Rfc1 Rfd8 14.Bd3 Bxd3 15.Qxd3 f5
16.Rc2 Qa6 17.Qf1 Rac8 18.Rac1 Nb6 19.Ne5 Nxc4 20.Ndxc4 dxc4 21.Rxc4 Rd5
22.Qe2 Bd6 23.Qh5 Rc7 24.Qg5+ Kf8 25.f4 Qb6 26.Qd8+ Kg7 27.Nd7 Qxb2 28.Qg5+ Kh8
29.Nf6  1-0

[Event "Cappelle op"]
[Site "Cappelle la Grande"]
[Date "1995.??.??"]
[Round "1"]
[White "Miladinovic, Igor"]
[Black "Grund, Holger"]
[Result "1-0"]
[WhiteElo "2535"]
[BlackElo "2345"]

1.d4 d5 2.Bg5 Nf6 3.Bxf6 gxf6 4.c4 c6 5.e3 Bf5 6.Nc3 e6 7.Nge2 Bd6 8.Ng3 Bg6
9.Qb3 b6 10.cxd5 cxd5 11.Rc1 a6 12.Na4 b5 13.Nb6 Qxb6 14.Rc8+ Ke7 15.Rxh8 Qa5+
16.Kd1 Ra7 17.Rc8 Nd7 18.Bd3 Bxd3 19.Qxd3 Qxa2 20.Qc2 Nb6 21.b3 Qa5 22.Rc6 Kd7
23.Ke2 b4 24.Rc1 Qb5+ 25.Kf3 Nc4 26.Rc5 Bxc5 27.bxc4 dxc4 28.dxc5 c3 29.Rd1+ Ke7
30.Qe4 Qxc5 31.Qd3 Qc6+ 32.Ke2 Ra8 33.Qd4 Qb5+ 34.Rd3 c2 35.Qd6+ Ke8 36.Qc7 b3
37.Ne4 Kf8 38.Nd6 Qh5+ 39.f3 Qg6 40.Rxb3 Qxg2+ 41.Kd3 c1=Q 42.Qxc1 Qxf3 43.Qc7 Qd1+
44.Kc4 Qe2+ 45.Kb4 Qh5 46.Ka3 Kg7 47.e4 a5 48.Rg3+ Kf8 49.Nf5  1-0

[Event "Cappelle op"]
[Site "Cappelle la Grande"]
[Date "1995.??.??"]
[Round "1"]
[White "Nei, Iivo"]
[Black "Zielinska, Marta"]
[Result "1/2-1/2"]
[WhiteElo "2420"]
[BlackElo "2220"]

1.d4 Nf6 2.Bg5 g6 3.Bxf6 exf6 4.e3 f5 5.Bd3 Bg7 6.c3 O-O 7.h4 d6 8.Nd2 h5
9.Ne2 Nd7 10.Nf4 Nf6 11.Qf3 c6 12.O-O-O d5 13.Kb1 a5 14.c4 a4 15.cxd5 cxd5
16.Rc1 Ne4 17.Qe2 Ra5 18.Ka1 Qd6 19.Nxe4 fxe4 20.Qd2 b6 21.Be2 Bh6 22.g3 Bd7
23.a3 Raa8 24.Qb4 Bxf4 25.gxf4 Qxb4 26.axb4 Rfc8 27.Ka2 Kf8 28.Ka3 Ke7 29.b5 Rxc1
30.Rxc1 Rc8 31.Rc3 Kd6 32.Kb4 Rg8 33.f3 exf3 34.Bxf3 Re8 35.Kxa4  1/2-1/2

[Event "Cappelle op"]
[Site "Cappelle la Grande"]
[Date "1995.??.??"]
[Round "2"]
[White "Meduna, Eduard"]
[Black "Brustman, Agnieszka"]
[Result "1/2-1/2"]
[WhiteElo "2480"]
[BlackElo "2290"]

1.d4 Nf6 2.Bg5 d5 3.Bxf6 exf6 4.e3 Bd6 5.Bd3 O-O 6.Nd2 c6 7.Qf3 Be6 8.Ne2 Re8
9.g4 Nd7 10.h4 c5 11.c3 cxd4 12.exd4 a6 13.Nf1 Qb6 14.O-O-O Qa5 15.Kb1 b5
16.Ne3 b4 17.c4 dxc4 18.Nxc4 Bxc4 19.Bxc4 Nb6 20.Bd3 Rab8 21.Nc1 Na8 22.g5 Be7
23.Rde1 Qb6 24.Be4 Qd6 25.Nb3 Nc7 26.Rhg1 g6 27.h5 fxg5 28.Rh1 Bf6 29.Rc1 Bg7
30.Bd3 Ne6 31.hxg6 hxg6 32.Rc6 Nxd4 33.Qxf7+ Kxf7 34.Rxd6 Nxb3 35.Bc4+ Kf8
36.axb3 Rbd8 37.Rhd1 Ke7 38.Re6+ Kf8 39.Rdd6 Rxe6 40.Rxd8+ Re8 41.Rd6 a5
42.Ra6 Re5 43.Rd6  1/2-1/2

[Event "Cappelle op"]
[Site "Cappelle la Grande"]
[Date "1995.??.??"]
[Round "2"]
[White "Gurieli, Nino"]
[Black "Medunova, Vera"]
[Result "0-1"]
[WhiteElo "2370"]
[BlackElo "2200"]

1.d4 Nf6 2.Bg5 c5 3.Bxf6 gxf6 4.dxc5 Qa5+ 5.Nc3 Qxc5 6.Nf3 Nc6 7.g3 f5 8.Bg2 Bg7
9.Qd2 e6 10.O-O d5 11.Qg5 O-O 12.e3 Bd7 13.Rad1 Rac8 14.Nd4 Qe7 15.Qh5 Nxd4
16.exd4 Rc4 17.Rfe1 Qf6 18.g4 Qg6 19.Qxg6 hxg6 20.gxf5 gxf5 21.Re3 Rxd4 22.Rxd4 Bxd4
23.Rg3+ Kh7 24.Ne2 Bc5 25.c3 Rg8 26.Rh3+ Kg7 27.Kf1 Kf6 28.Bf3 b5 29.b4 Bb6
30.Rh6+ Kg7 31.Rh5 Re8 32.Rg5+ Kf6 33.Rg2 Bc7 34.h4 Be5 35.h5 Ke7 36.a3 Kd6
37.Ke1 Rh8 38.Kd2 Bf6 39.Nd4 e5 40.Nb3 e4 41.Bd1 f4 42.Nc5 f3 43.Rg3 Bc8
44.a4 a6 45.axb5 axb5 46.Bb3 Rxh5 47.Rg8 Rh8 48.Rg1 Rh2 49.Ke3 Ke5 50.Bxd5 Kxd5
51.Nxe4 Bh4 52.Rd1+ Ke5 53.Nd6 Be6 54.Nxb5 Bxf2+ 55.Kxf3 Bd5+ 56.Kg4 f5+
57.Kg5 Bf7  0-1

[Event "Cappelle op"]
[Site "Cappelle la Grande"]
[Date "1995.??.??"]
[Round "9"]
[White "Tondivar, Babak"]
[Black "Szylar, Eric"]
[Result "1-0"]
[WhiteElo "2350"]
[BlackElo "2080"]

1.d4 Nf6 2.Bg5 g6 3.Bxf6 exf6 4.c4 f5 5.e3 Bg7 6.Nc3 d6 7.g3 c6 8.Bg2 Nd7
9.Nge2 Nb6 10.Qd3 O-O 11.O-O d5 12.cxd5 cxd5 13.Nf4 Be6 14.Qb5 a6 15.Qb3 Qd6
16.Nfxd5 Nxd5 17.Bxd5 Rfd8 18.Bxe6 fxe6 19.Na4 b5 20.Nc5 Re8 21.a4 Qd5 22.Qxd5 exd5
23.a5 Rec8 24.Rac1 Bf8 25.Rc2 Rc6 26.Rfc1 Rac8 27.Kf1 Bd6 28.Ke2 Kf7 29.Kd1 Ra8
30.Ke2 Ke7 31.Kd3 Ra7 32.f3 Bc7 33.b4 Bd6 34.e4 fxe4+ 35.fxe4 dxe4+ 36.Kxe4 Rc8
37.Rf1 Ke8 38.Rcf2 Rd8 39.Kd3 Be7 40.Re2 Rd6 41.Ne4 Rc6 42.d5 Rd7 43.Nf6+ Rxf6
44.Rxf6 Rxd5+ 45.Kc3  1-0

[Event "Castellar op"]
[Site "Castellar"]
[Date "1995.??.??"]
[Round "?"]
[White "Llopis, Manuel"]
[Black "Gofshtein, Leonid D"]
[Result "0-1"]
[WhiteElo "2230"]
[BlackElo "2530"]

1.d4 Nf6 2.Bg5 c5 3.Bxf6 gxf6 4.d5 Qb6 5.Qc1 e6 6.c4 f5 7.e3 Bg7 8.Nc3 d6
9.Nh3 Nd7 10.Be2 Nf6 11.O-O Bd7 12.Nf4 h5 13.dxe6 fxe6 14.Qc2 O-O-O 15.Bf3 Ng4
16.Qb3 Ne5 17.Be2 h4 18.Nd3 Nxd3 19.Qxb6 axb6 20.Bxd3 Bc6 21.h3 Bxc3 22.bxc3 Kc7
23.a4 Ra8 24.Bc2 Ra5 25.Rfe1 Rha8 26.e4 Bxa4 27.Bxa4 Rxa4 28.Rxa4 Rxa4 29.exf5 exf5
30.Re7+ Kc6 31.Rf7 Rxc4 32.Rxf5 Rxc3 33.Rf4 b5  0-1

[Event "Catania op"]
[Site "Catania"]
[Date "1995.??.??"]
[Round "3"]
[White "Isonzo, Davide"]
[Black "Komnenic, Branko"]
[Result "1-0"]
[WhiteElo "2190"]
[BlackElo "2270"]

1.d4 Nf6 2.Bg5 d5 3.Nc3 g6 4.Bxf6 exf6 5.e3 Bg7 6.Bd3 O-O 7.Nge2 f5 8.Nf4 c6
9.h4 h5 10.Nce2 Qb6 11.Rb1 a5 12.O-O Qd8 13.g3 b5 14.a4 b4 15.c4 Be6 16.Nxe6 fxe6
17.Nf4 Kf7 18.cxd5 cxd5 19.Bb5 Nd7 20.Rc1 Rc8 21.Qd2 Qe7 22.Ba6 Rxc1 23.Rxc1 Rb8
24.Rc7 Qd6 25.Qc2 b3 26.Qc1  1-0

[Event "Catania op"]
[Site "Catania"]
[Date "1995.??.??"]
[Round "4"]
[White "Zlochevskij, Alexander"]
[Black "Fabiano, Giuseppe"]
[Result "1/2-1/2"]
[WhiteElo "2465"]
[BlackElo "2230"]

1.d4 Nf6 2.Bg5 g6 3.Bxf6 exf6 4.e3 Bg7 5.g3 O-O 6.Bg2 Re8 7.Ne2 d6 8.O-O f5
9.c4 Nd7 10.Nbc3 c6 11.b4 Nf6 12.Qc2 Be6 13.Qd3 d5 14.cxd5 Nxd5 15.b5 c5
16.Rad1 cxd4 17.Nxd4 Nxc3 18.Qxc3 Bd5  1/2-1/2

[Event "Celle Ligure op"]
[Site "Celle Ligure"]
[Date "1995.??.??"]
[Round "?"]
[White "Zlochevskij, Alexander"]
[Black "Collareta, Giovanni"]
[Result "1-0"]
[WhiteElo "2485"]
[BlackElo "2080"]

1.d4 Nf6 2.Bg5 d5 3.Bxf6 exf6 4.e3 Bd6 5.c4 dxc4 6.Bxc4 Be6 7.Bxe6 fxe6 8.Qh5+ Kf8
9.Nc3 Nd7 10.Nf3 Nb6 11.O-O Qe8 12.Qh3 Rd8 13.Rac1 h5 14.Ne4 c6 15.Nfd2 Rh6
16.Nxd6 Rxd6 17.Ne4 Rd7 18.Nc5 Re7 19.e4 Kf7 20.Rfd1 h4 21.Rc3 Nc8 22.Qg4 Qh8
23.Rh3 Nb6 24.a4 Nc8 25.b4 a6 26.Qe2 Qd8 27.Qg4 Qh8 28.Qf4 Qd8 29.e5 Re8
30.exf6 Qxf6 31.Qxf6+ gxf6 32.Nxb7 Ke7 33.Rc3 Nb6 34.Rxc6 Nxa4 35.Ra1 Nb2
36.Raxa6 f5 37.d5 Nd3 38.d6+  1-0

[Event "Celle Ligure op"]
[Site "Celle Ligure"]
[Date "1995.??.??"]
[Round "?"]
[White "Vignato, Giovanni"]
[Black "Duarte, Marcelo R"]
[Result "0-1"]
[WhiteElo "1915"]
[BlackElo "1915"]

1.d4 Nf6 2.Bg5 d5 3.Bxf6 exf6 4.e3 Bb4+ 5.c3 Bd6 6.Bd3 Nd7 7.Nd2 Nf8 8.Ngf3 Ng6
9.Qc2 a6 10.O-O-O O-O 11.h4 Kh8 12.h5 Ne7 13.Nh4 h6 14.Rdg1 c5 15.dxc5 Bxc5
16.Nb3 Ba7 17.g4 b5 18.Nd4 Bd7 19.f4 Nc6 20.g5 Nxd4 21.exd4 Bxd4 22.gxh6 Bxg1
23.Ng6+ fxg6 24.hxg6 f5 25.Qg2 Be3+ 26.Kb1 Bxf4 27.hxg7+ Kxg7 28.Rh7+ Kf6
29.Qg1 Rc8 30.Qd4+ Be5 31.Qh4+ Ke6 32.Qh6 Qf6 33.Ka1 Bxc3 34.Bxf5+ Qxf5 35.g7+ Rf6
36.Qe3+ Be5 37.g8=Q+ Rxg8 38.Qb6+ Bd6 39.Qe3+ Qe4 40.Qh3+ Rg4  0-1

[Event "Ceske Budejovice op"]
[Site "Ceske Budejovice"]
[Date "1995.??.??"]
[Round "9"]
[White "Cech, Pavel"]
[Black "Voitsekhovsky, Stanislav"]
[Result "0-1"]
[WhiteElo "2360"]
[BlackElo "2500"]

1.d4 Nf6 2.Bg5 d5 3.Bxf6 exf6 4.e3 c6 5.c4 Qb6 6.Qb3 Be6 7.Nc3 dxc4 8.Bxc4 Qxb3
9.Bxb3 Bxb3 10.axb3 Na6 11.Nf3 O-O-O 12.Ke2 Kb8 13.Rhc1 Be7 14.Ne4 Rhe8 15.g4 Bf8
16.Nfd2 Rd5 17.Rc4 Nb4 18.Nc3 Rg5 19.h3 b5 20.f4 Rg6 21.Rxb4 Bxb4 22.f5 Rh6
23.Rh1 g6 24.Kf3 gxf5 25.gxf5 Rh5 26.Nde4 Bxc3 27.bxc3 Rxf5+ 28.Kg4 Rxe4+
29.Kxf5 Rxe3 30.Kxf6 Rxc3 31.h4 Rf3+ 32.Kg5 Rxb3 33.h5 a5 34.Kh6 Rg3 35.Kxh7 a4
36.h6 b4 37.Kh8 b3 38.h7 b2 39.d5 a3 40.dxc6 Kc7 41.Rb1 Rh3  0-1

[Event "Chambery"]
[Site "Chambery"]
[Date "1995.??.??"]
[Round "?"]
[White "Flear, Christine"]
[Black "Nicoara Etchegaray, Malina"]
[Result "1/2-1/2"]
[WhiteElo "2235"]
[BlackElo "2175"]

1.d4 Nf6 2.Bg5 c5 3.Bxf6 gxf6 4.d5 f5 5.e3 Qb6 6.Qc1 Bg7 7.c3 O-O 8.g3 e5
9.Ne2 Na6 10.Bh3 Qf6 11.Nd2 d6 12.O-O b5 13.a4 b4 14.Qc2 Rb8  1/2-1/2

[Event "Chambery"]
[Site "Chambery"]
[Date "1995.??.??"]
[Round "?"]
[White "Flear, Christine"]
[Black "De Kleuver, Esther"]
[Result "1/2-1/2"]
[WhiteElo "2235"]
[BlackElo "2155"]

1.d4 Nf6 2.Bg5 c5 3.Bxf6 gxf6 4.d5 Qb6 5.Qc1 Bh6 6.e3 f5 7.c4 f4 8.exf4 Bxf4
9.Qxf4 Qxb2 10.Ne2 Qxa1 11.Nc3 d6 12.Qd2 a6 13.Bd3 b5 14.cxb5 axb5 15.O-O b4
16.Re1 Kd8 17.h4 Ba6 18.Bf5 h6 19.Qe3 Ra7 20.Bh3 Qb2 21.Ne4 Qd4 22.Qg3 Qxd5
23.Qg7 Qd4 24.Qxf7 Nc6 25.Nbd2 Ne5 26.Qf5 Kc7 27.Nb3 Qb2 28.Nexc5 Bc8 29.Ne6+ Bxe6
30.Qxe6 Kb6 31.Rf1  1/2-1/2

[Event "Copenhagen op2"]
[Site "Copenhagen"]
[Date "1995.??.??"]
[Round "5"]
[White "Fries Nielsen, Jens Ove"]
[Black "Olsen, Henrik"]
[Result "1/2-1/2"]
[WhiteElo "2415"]
[BlackElo "2360"]

1.d4 Nf6 2.Bg5 d5 3.Bxf6 exf6 4.e3 Bd6 5.Bd3 c6 6.Ne2 Be6 7.Nd2 Qe7 8.c3 Nd7
9.Qc2 g6 10.O-O-O O-O-O 11.Kb1 f5 12.c4 dxc4 13.Bxc4 Kb8 14.Nc3 Nb6 15.Bxe6 Qxe6
16.g3 c5 17.Nf3 cxd4 18.Nxd4 Qe7 19.Qb3 Bb4 20.Nce2 Rc8 21.a3 Bc5 22.Ka2 Rhd8
23.Rc1 Nd5 24.Rhd1 Nf6 25.f3 Bb6 26.Rxc8+ Rxc8 27.Rd3 Nd7 28.Rc3 Nc5 29.Qc2 Rd8
30.Nf4 Qe5 31.Kb1 a6 32.Nd3 Nxd3 33.Rxd3 Bxd4 34.Qd2 Re8 35.exd4 Qe1+ 36.Qxe1 Rxe1+
37.Kc2 Re2+ 38.Rd2 Re3 39.Rd3  1/2-1/2

[Event "DEN-ch qual"]
[Site "Copenhagen"]
[Date "1995.??.??"]
[Round "7"]
[White "Thuesen, Mogens"]
[Black "Hartung Nielsen, Jens"]
[Result "1-0"]
[WhiteElo "2250"]
[BlackElo "2260"]

1.d4 Nf6 2.Bg5 d5 3.Bxf6 exf6 4.e3 Be6 5.Nd2 Be7 6.Bd3 c6 7.Ne2 f5 8.Nf4 O-O
9.h4 Nd7 10.g4 fxg4 11.Nxe6 fxe6 12.Qxg4 Rf6 13.O-O-O c5 14.Rhg1 Bf8 15.Qh5 h6
16.c3 Qe8 17.Bg6 Qe7 18.Nf3 b5 19.Ne5 Nxe5 20.dxe5 Rxf2 21.Rdf1 Rh2 22.Bb1 Rxh4
23.Qg6 Re4 24.Qxh6 Rh4 25.Qg6 Qe8 26.Qg3 Rh6 27.Rh1 Kh8 28.Bg6 Qe7 29.Bf7 g5
30.Rxh6+ Bxh6 31.Qh3 Qf8 32.Bxe6 Qg7 33.Rf6  1-0

[Event "Copenhagen op17"]
[Site "Copenhagen"]
[Date "1995.??.??"]
[Round "9"]
[White "Fries Nielsen, Jens Ove"]
[Black "Skembris, Spyridon"]
[Result "1-0"]
[WhiteElo "2420"]
[BlackElo "2525"]

1.d4 Nf6 2.Bg5 d5 3.e3 Nbd7 4.Nf3 g6 5.c4 e6 6.Nc3 c6 7.Bd3 Bg7 8.O-O h6
9.Bh4 Qa5 10.Bg3 dxc4 11.Bxc4 O-O 12.a3 Nh5 13.Bd6 Re8 14.e4 Qd8 15.Ba2 Ndf6
16.e5 Nd5 17.Nd2 b6 18.Nxd5 cxd5 19.f4 Bf8 20.Bxf8 Rxf8 21.g4 Ng7 22.Nf3 Bd7
23.Qd2 f5 24.exf6 Qxf6 25.Ne5 Bb5 26.Rf3 Rac8 27.Bb1 Be8 28.Bd3 h5 29.g5 Qd8
30.Nxg6 Bxg6 31.Bxg6 Qd7 32.Raf1 Rc7 33.Qd3 Nf5 34.Rh3 Qg7 35.Bxf5 Rxf5 36.b3 Qg6
37.Re3 h4 38.Kh1 Qf7 39.Ref3 Qh5 40.Qe3 Rc6 41.h3 Kg7 42.Qe1 a5 43.a4 Kf7
44.Re3 Ke7 45.Rf2 Kd7 46.Kg2 Qf7 47.Rc3 Qg6 48.Rxc6 Kxc6 49.Qc3+ Kb7 50.Qe3 Rf7
51.Re2 Re7 52.Qe5 Qb1 53.f5 Rc7 54.f6 Rc8 55.Qe3 Qd1 56.Qf3 Rc3 57.Qxc3 Qxe2+
58.Kg1 Qd1+ 59.Kf2 Qh1 60.Qf3 Qh2+ 61.Ke3 Qg1+ 62.Ke2 Qxd4 63.Qe3 Qb2+ 64.Kf3 e5
65.f7 e4+ 66.Kg4 Qg2+ 67.Kh5 Qf1 68.Kg6 Ka7 69.Kg7 d4 70.Qxe4  1-0

[Event "Coria op"]
[Site "Coria"]
[Date "1995.??.??"]
[Round "3"]
[White "De los Santos, A."]
[Black "Rodriguez Talavera, Juan Carlos"]
[Result "0-1"]
[WhiteElo "2095"]
[BlackElo "2420"]

1.d4 Nf6 2.Bg5 d5 3.Bxf6 exf6 4.e3 c6 5.c4 Qb6 6.Qb3 Be6 7.c5 Qc7 8.Qc2 b6
9.cxb6 axb6 10.Bd3 Na6 11.Bxa6 Rxa6 12.Ne2 Bd6 13.Ng3 O-O 14.Nc3 b5 15.Rc1 b4
16.Na4 f5 17.b3 f4 18.Nf1 Qa7 19.g3 fxe3 20.fxe3 Bh3 21.Nd2 Qe7 22.Kf2 Qf6+
23.Nf3 g5 24.Ke2 Bg2 25.Rhf1 Bxf1+ 26.Rxf1 Qe7 27.Qd3 Ra7 28.Qf5 f6 29.Ne1 Qf7
30.Ng2 Re7 31.Rf3 Qg6 32.Rf1 Qh5+ 33.g4 Qxh2 34.Qf3 Qh6 35.Ne1 Qg6 36.Qf5 Qxf5
37.Rxf5 Re4 38.Kf3 Kg7 39.Nb6 Kg6 40.Nxd5 cxd5 41.Rxd5 Re6  0-1

[Event "Crailsheim op 1st"]
[Site "Crailsheim"]
[Date "1995.??.??"]
[Round "?"]
[White "Schiefer, Kim"]
[Black "Taudte, Stefan"]
[Result "0-1"]
[WhiteElo "1855"]
[BlackElo "2150"]

1.d4 Nf6 2.Bg5 c5 3.Bxf6 exf6 4.d5 d6 5.c4 g6 6.Nc3 Bg7 7.e3 O-O 8.Bd3 f5
9.Nge2 Nd7 10.h4 Re8 11.Qc2 a6 12.h5 Ne5 13.hxg6 hxg6 14.O-O-O Nxd3+ 15.Qxd3 b5
16.Nf4 Qa5 17.cxb5 Rb8 18.g4 axb5 19.gxf5 Bxf5 20.e4 Rxe4 21.Nxe4 Qb4 22.Qd2 Qxe4
23.Nd3 c4 24.Qf4 cxd3 25.Qxe4 Bxe4 26.Rhe1 Bf5 27.f4 Rc8+  0-1

[Event "CZE-chT 9495"]
[Site "?"]
[Date "1995.??.??"]
[Round "6"]
[White "Tichy, Vladimir"]
[Black "David, Pavel"]
[Result "1/2-1/2"]
[WhiteElo "2375"]
[BlackElo "2445"]

1.d4 Nf6 2.Bg5 c5 3.Bxf6 gxf6 4.d5 Qb6 5.Nd2 f5 6.Rb1 Bg7 7.e3 O-O 8.Bd3 Qg6
9.Qf3 d6 10.Ne2 e5 11.Qg3 Nd7 12.Nc3 Nf6 13.Nc4 Rd8 14.O-O Nh5 15.Qh4 Bf6
16.Qh3 Ng7 17.f4 e4  1/2-1/2

[Event "CZE-chT 9495"]
[Site "?"]
[Date "1995.??.??"]
[Round "6"]
[White "Cech, Pavel"]
[Black "Danek, Libor"]
[Result "0-1"]
[WhiteElo "2360"]
[BlackElo "2345"]

1.d4 Nf6 2.Bg5 c5 3.Bxf6 exf6 4.c3 d5 5.e3 Nc6 6.Nf3 Bd6 7.Be2 O-O 8.Nbd2 cxd4
9.exd4 Re8 10.O-O Qb6 11.b4 Ne7 12.a4 Ng6 13.g3 f5 14.Bb5 Re7 15.Re1 f4 16.Qb3 Be6
17.g4 Rc8 18.h3 Qd8 19.Bf1 Rec7 20.Rac1 Nh4 21.Nxh4 Qxh4 22.Nf3 Qe7 23.Rc2 Bxb4
24.Rec1 Ba3 25.Ra1 Bd6 26.Rac1 h5 27.g5 Qd7 28.c4 dxc4 29.Bxc4 Bxh3 30.Nh2 Bf5
31.Rc3 Qe7 32.Nf3 Bg6 33.Bd5 Rxc3 34.Rxc3 Rxc3 35.Qxc3 Qd7 36.Qc4 b6 37.Kh2 Qc7
38.Qb3 Qc1 39.Kg2 Qc8 40.Kh2 Qd7 41.Qc4 Kh7 42.Qb5 Qxb5 43.axb5 Bd3 44.Bxf7 Bxb5
45.Bxh5 Be2 46.Kg2 g6 47.Bg4 a5 48.Be6 b5 49.Nd2 Kg7 50.f3 Kf8 51.Kf2 Bd3
52.Nb3 Ke7 53.Bg8 a4 54.Nc1 Bf5 55.Ke2 b4 56.Kd2 Be6 57.Bxe6 Kxe6 58.Kd3 b3
59.Ne2 a3 60.Kc3 b2 61.Kc2 Kd5  0-1

[Event "CZE-chT1c 9495"]
[Site "?"]
[Date "1995.??.??"]
[Round "1"]
[White "Chytilek, Roman"]
[Black "Frolik, Martin"]
[Result "0-1"]
[WhiteElo "2315"]
[BlackElo "2240"]

1.d4 d5 2.Bg5 Nf6 3.Bxf6 exf6 4.e3 c6 5.c4 dxc4 6.Bxc4 Be6 7.Bxe6 fxe6 8.Qb3 Qd7
9.Nc3 Na6 10.Nge2 O-O-O 11.O-O Bd6 12.Rac1 Kb8 13.Rfd1 Nc7 14.Ne4 Qe8 15.N2c3 f5
16.Nxd6 Rxd6 17.Na4 Na6 18.Nc5 Nxc5 19.Rxc5 Qd7 20.Rdc1 Rc8 21.Qa3 Rd5 22.Qc3 Rxc5
23.Qxc5 Qd5 24.b3 Rd8 25.Qe7 Rd7 26.Qh4 h6 27.h3 b6 28.Qg3+ Kb7 29.Qg6 Qd6
30.Rc4 Qe7 31.Qh5 Rd5 32.Qf3 Qd7 33.b4 Qd6 34.a4 Qd7 35.g3 g6 36.Kg2 h5 37.h4 Qe8
38.Qf4 e5 39.dxe5 Qxe5 40.Qf3 Qe6 41.b5 Rxb5 42.Rd4 Rd5 43.Rf4 Re5 44.Rd4 Re4
45.Rd8 Rxa4 46.Qd1 b5 47.Kh2 Kc7 48.Ra8 Qd5 49.Qe1 Ra2 50.Kg1 Kb7 51.Re8 Rd2
52.Re7+ Kb6 53.e4 Qd3 54.Kh2 Qe2 55.exf5 Qxe1 56.Rxe1 Rxf2+ 57.Kg1 Rxf5  0-1

[Event "CZE-chT1c 9495"]
[Site "?"]
[Date "1995.??.??"]
[Round "4"]
[White "Plinta, Emil"]
[Black "Zabystrzan, Pavel"]
[Result "0-1"]
[WhiteElo "2285"]
[BlackElo "2285"]

1.d4 Nf6 2.Bg5 c5 3.e3 Qb6 4.Nc3 e6 5.Bxf6 gxf6 6.d5 f5 7.dxe6 dxe6 8.Bb5+ Bd7
9.Qd3 Nc6 10.O-O-O O-O-O 11.Nf3 a6 12.Bxc6 Bxc6 13.Qxd8+ Qxd8 14.Rxd8+ Kxd8
15.Ne5 Be8 16.Rd1+ Kc7 17.a4 h5 18.f4 f6 19.Nf3 h4 20.b3 Bc6 21.Rf1 b5 22.axb5 axb5
23.Kb2 Bd6 24.h3 Rh5 25.Ne2 e5 26.Rd1 b4 27.c3 Rh8 28.cxb4 cxb4 29.Rc1 Kd7
30.Rd1 Ke7 31.Ra1 Bxf3 32.gxf3 Rg8 33.Ra7+ Ke6 34.fxe5 fxe5 35.Kc2 Rg2 36.Kd3 Rh2
37.f4 Rxh3 38.Ra6 Kd5 39.fxe5 Bxe5 40.Ra5+ Kd6 41.Ra6+ Kd5 42.Ra5+ Ke6 43.Ra6+ Kf7
44.Ra5 Kf6 45.Ra6+ Kg5 46.Ra5 Bf6 47.Ra8 Rh1 48.Rg8+ Kh6 49.Nf4 Be5 50.Rg6+ Kh7
51.Rg5 Bxf4 52.exf4 h3 53.Rxf5 h2 54.Rh5+ Kg6 55.Rh4 Rd1+ 56.Kc4 h1=Q 57.Rxh1 Rxh1
58.Kxb4 Kf7 59.Kc5 Ke7 60.b4 Kd7 61.b5 Rf1 62.Kb6 Kc8  0-1

[Event "CZE-chT1c 9495"]
[Site "?"]
[Date "1995.??.??"]
[Round "5"]
[White "Cech, Tomas"]
[Black "Neuschl, Zdenek"]
[Result "1-0"]
[WhiteElo "2180"]
[BlackElo "2145"]

1.d4 Nf6 2.Bg5 c5 3.Bxf6 gxf6 4.c3 Qb6 5.Qc2 d5 6.dxc5 Qxc5 7.Nd2 Nc6 8.Ngf3 Bg4
9.e3 Bh5 10.Be2 Bg7 11.O-O O-O 12.Rfd1 Rfd8 13.Bd3 Bg6 14.e4 Rac8 15.Nb3 Qb6
16.Qe2 dxe4 17.Bxe4 e6 18.Bxg6 hxg6 19.h4 Ne7 20.h5 g5 21.c4 Qb4 22.Rxd8+ Rxd8
23.Re1 Qd6 24.Nfd4 f5 25.Nb5 Qb8 26.Nc5 e5 27.Rd1 a6 28.Nc3 Rxd1+ 29.Qxd1 Qc7
30.b4 Nc6 31.Nd5 Qb8 32.Nd7 Qd8 33.h6 Bh8 34.h7+ Kg7 35.N7f6 Kf8 36.Qh5 Bxf6
37.Nxf6 Kg7 38.Qxg5+ Kh8 39.Qg8+  1-0

[Event "Debrecen-ch"]
[Site "Debrecen"]
[Date "1995.??.??"]
[Round "3"]
[White "Donka, Peter"]
[Black "Mate, Laszlo"]
[Result "1/2-1/2"]
[WhiteElo "2270"]
[BlackElo "2345"]

1.d4 Nf6 2.Bg5 d5 3.Bxf6 exf6 4.e3 Bd6 5.Bd3 f5 6.Nd2 g6 7.Ne2 Nd7 8.c4 dxc4
9.Nxc4 Nf6 10.Nc3 O-O 11.Nxd6 Qxd6 12.O-O Bd7 13.Be2 Bc6 14.Bf3 Bxf3 15.Qxf3 c6
16.a3 a5 17.Rfc1 Rfe8 18.Rc2 a4 19.Rac1 Ra5 20.g3 Rea8 21.Qd1 h5 22.h4 Kg7
23.Qd3 Kg8 24.Rd2 Nd5 25.Nxd5 Qxd5 26.Rc4 Rb5 27.Rdc2 Raa5 28.Rb4 Rxb4 29.axb4 Rb5
30.Rc5 Rxc5 31.bxc5 Qa2 32.Qa3 Qb1+  1/2-1/2

[Event "Debrecen-ch"]
[Site "Debrecen"]
[Date "1995.??.??"]
[Round "10"]
[White "Donka, Peter"]
[Black "Binder, Tamas"]
[Result "1-0"]
[WhiteElo "2270"]
[BlackElo "2270"]

1.d4 Nf6 2.Bg5 g6 3.Bxf6 exf6 4.c4 Bg7 5.Nc3 O-O 6.e3 d6 7.g3 c6 8.Bg2 Qb6
9.Qb3 Qxb3 10.axb3 Na6 11.Nge2 f5 12.Kd2 Bd7 13.Nf4 Nc7 14.Ra5 a6 15.Rha1 Rab8
16.Kc2 Bf6 17.Nd3 Kg7 18.R5a3 Be7 19.R3a2 Rfc8 20.Kd2 Bf6 21.Rc1 Be7 22.Raa1 Bf6
23.Ra2 Be7 24.Ke2 Bf6 25.Na4 Na8 26.Rc2 Be6 27.Nc3 Bd7 28.b4 Be7 29.Ra1 Nc7
30.d5 cxd5 31.Nxd5 Nxd5 32.Bxd5 Rc7 33.Nf4 Rbc8 34.b3 Kf8 35.h4 Kg7 36.Rd2 Bf6
37.Rc1 Be7 38.Bf3 Be6 39.Bd5 Bd7 40.Ra2 Bf6 41.Ra5 Be7 42.Kd3 Kf8 43.h5 Kg7
44.Rh1 Bf6 45.Ra2 Be5 46.Ne2 Bc6 47.Bxc6 Rxc6 48.Nd4 R6c7 49.f4 Bf6 50.Rah2 d5
51.c5 b6 52.hxg6 hxg6 53.Rc2 bxc5 54.Rhc1 Be7 55.bxc5 Rxc5 56.Rxc5 Rxc5 57.Rxc5 Bxc5
58.Nc6 Bb6 59.Nb4 a5 60.Nxd5 Ba7 61.Kc4 f6 62.Kb5 Kf7 63.Kxa5 Ke6 64.Nb6 Bb8
65.Kb5 Kd6 66.b4 g5 67.Kc4 gxf4 68.exf4 Bc7 69.Nd5 Bd8 70.b5  1-0

[Event "DEN-chT9596"]
[Site "DEN"]
[Date "1995.??.??"]
[Round "3"]
[White "Thuesen, Mogens"]
[Black "Nielsen, Tommy"]
[Result "1-0"]
[WhiteElo "2250"]
[BlackElo "2215"]

1.d4 Nf6 2.Bg5 g6 3.Bxf6 exf6 4.e3 Bg7 5.Nd2 d5 6.c4 c6 7.cxd5 cxd5 8.Bb5+ Bd7
9.Qb3 Bxb5 10.Qxb5+ Qd7 11.Qxd7+ Kxd7 12.Ne2 Rc8 13.Nc3 Ke6 14.g4 Nd7 15.h4 Bf8
16.a3 Nb6 17.Ke2 Nc4 18.Nxc4 Rxc4 19.Kd3 Rac8 20.h5 a6 21.hxg6 hxg6 22.Rh8 b5
23.a4 b4 24.Nxd5 Kxd5 25.Rxf8 Rxd4+ 26.exd4 Rxf8 27.Rc1 Kd6 28.Rc5 Rb8 29.Kc4 Kd7
30.b3 Kd6 31.f4 Kd7 32.d5 f5 33.gxf5 gxf5 34.a5 Re8 35.Rc6 Re4+ 36.Kc5 Rxf4
37.Rxa6 Rf3 38.Ra7+ Kc8 39.Kxb4  1-0

[Event "DEN-chT9596"]
[Site "DEN"]
[Date "1995.??.??"]
[Round "3"]
[White "Pedersen, Jan"]
[Black "Kristensen, Bjarke"]
[Result "0-1"]
[WhiteElo "2340"]
[BlackElo "2455"]

1.d4 Nf6 2.Bg5 c5 3.Bxf6 gxf6 4.d5 Qb6 5.Qc1 f5 6.g3 Bh6 7.e3 d6 8.Nd2 Nd7
9.Bg2 Nf6 10.Ne2 Qa6 11.Nc3 Bd7 12.a4 b6 13.Qd1 Bg7 14.Qf3 Ng4 15.Ra3 Rb8
16.Bf1 Qb7 17.Bb5 a6 18.Bxd7+ Qxd7 19.O-O O-O 20.e4 b5 21.axb5 axb5 22.Rfa1 Ne5
23.Qe2 b4 24.Ra7 Rb7 25.Rxb7 Qxb7 26.Nd1 fxe4 27.Qxe4 f5 28.Qg2 f4 29.Qe4 Qd7
30.Nc4 fxg3 31.hxg3 Nf3+ 32.Kg2 Ng5 33.Qh4 Qf5 34.Nce3 Qf3+ 35.Kg1 Qxe3 36.fxe3 Nf3+
37.Kg2 Nxh4+ 38.gxh4 Rf5 39.c4 Rh5 40.Ra7 Kf7 41.b3 Rxh4 42.Nf2 Be5 43.Kf3 Rh6
44.Ra2 Bg7 45.Kg4 Rg6+ 46.Kf3 Rg1 47.Ne4 h6 48.Kf4 Rf1+ 49.Kg4 Kg6 50.Ra7 Bf6
51.Ra2 Be5 52.Rf2 Rb1 53.Nd2 Rb2 54.Kf3 Bc3 55.Ne4 Rxb3 56.Rg2+ Kf7 57.Rh2 Bd4
58.Rxh6 Rxe3+ 59.Kf4 Re1 60.Ng5+ Kg7 61.Rh3 Be5+ 62.Kf5 Rf1+ 63.Ke6 Kg6 64.Nf3 Bf4
65.Nh4+ Kg5 66.Ng2 Be5 67.Kxe7 Rc1 68.Nh4 Kg4 69.Nf3 Kxh3  0-1

[Event "Elgoibar"]
[Site "Elgoibar"]
[Date "1995.??.??"]
[Round "4"]
[White "De la Villa Garcia, Jesus Maria"]
[Black "Miezis, Normunds"]
[Result "0-1"]
[WhiteElo "2500"]
[BlackElo "2505"]

1.d4 Nf6 2.Bg5 c5 3.Nc3 cxd4 4.Qxd4 Nc6 5.Qh4 d6 6.e4 Be6 7.Bd3 Rc8 8.Nge2 Ne5
9.f4 Nxd3+ 10.cxd3 Qb6 11.f5 Bd7 12.O-O-O h6 13.Kb1 Rg8 14.Bxf6 gxf6 15.Nd5 Qa6
16.Nef4 Qa4 17.Rc1 Rc6 18.Qf2 Kd8 19.Rc3 Rxc3 20.Nxc3 Qa6 21.Ncd5 h5 22.Qc2 Bc6
23.Nxh5 Bh6 24.Nhf4 Kd7 25.g3 Bg5 26.a3 Rc8 27.Rc1 e6 28.fxe6+ fxe6 29.h4 Bxf4
30.Nxf4 Qb5 31.Ne2 Qe5 32.Nf4 Rg8 33.Qf2 f5 34.exf5 Qxf5 35.Qe3 e5 36.Ne2 Qf3
37.Qd2 Bb5 38.Rc3 e4 39.Nc1 e3 40.Qc2 Bc6 41.Ne2 Rf8 42.Ka2 Qf7+ 43.b3 Qe6
44.Qb2 Rf2 45.Rc2 Qg4 46.Qd4 Qxd4 47.Nxd4 Bb5  0-1